| 000 | 01032nam a2200193 a 4500 | ||
|---|---|---|---|
| 008 | 120416s1987 ||||||||||||||||| || u | ||
| 050 | _aQA 152.2 Joh | ||
| 100 | _aHughes, Gale M | ||
| 245 | 1 | 0 | _aDevelopmental mathematics |
| 250 | _a2nd. ed. | ||
| 260 |
_aBelmont _bWadsworth Publishing Company _c1987 |
||
| 300 | _aix, 534p. : ill. | ||
| 350 | _a0.00 | ||
| 700 | _aJohnston, C. L | ||
| 995 |
_aANNEX COLLECTION (Main Library) _D0.00 _e723063 _FCBU-MAIN LIBRARY (Kitwe) _H1 _I29.60 _jQA 152.2 Joh _M3 _UAVAILABLE _y020591 _ZAnnex Low-Usage Collection |
||
| 995 |
_aMAIN LIBRARY OPEN ACCESS _D0.00 _e723066 _FCBU-MAIN LIBRARY (Kitwe) _H3 _I29.60 _jQA 152.2 Joh _M4 _UAVAILABLE _y025582 _ZMain Library Open Access Collection |
||
| 995 |
_aMAIN LIBRARY OPEN ACCESS _D0.00 _e723065 _FCBU-MAIN LIBRARY (Kitwe) _H2 _I29.60 _jQA 152.2 Joh _M2 _UDAMAGED _y010998 _ZMain Library Open Access Collection |
||
| 995 |
_aANNEX COLLECTION (Main Library) _D0.00 _e723064 _FCBU-MAIN LIBRARY (Kitwe) _H4 _I29.60 _jQA 152.2 Joh _M1 _UAVAILABLE _y010997 _ZAnnex Low-Usage Collection |
||
| 999 |
_c63513 _d63513 |
||